Normal view MARC view

Entry Personal Name

Number of records used in: 1

001 - CONTROL NUMBER

  • control field: 166332

003 - CONTROL NUMBER IDENTIFIER

  • control field: OSt

005 - DATE AND TIME OF LATEST TRANSACTION

  • control field: 20220923222218.0

008 - FIXED-LENGTH DATA ELEMENTS

  • fixed length control field: 220923|| aca||aabn | a|a d

040 ## - CATALOGING SOURCE

  • Original cataloging agency: OSt
  • Transcribing agency: OSt

100 ## - HEADING--PERSONAL NAME

  • Personal name: टैगोर, रवीन्द्रनाथ; नखणे, विश्वनाथ, अनु

670 ## - SOURCE DATA FOUND

  • Source citation: Work cat.: (OSt)354505: टैगोर, रवीन्द्रनाथ; नखणे, विश्वनाथ, अनु., निबंध, 1990
Copyright @ Delhi University Library System